000 00483cam a22001697a 4500
001 002384
003 armpunfd
005 20140612090706.0
008 101220e0####xx#a##########000#0#und#d
040 _aarmpunfd
_carmpunfd
080 _a347.66 F 414
100 1 0 _a Ferrer, Francisco A M
245 1 0 _aLos acreedores del heredero y la sucesion
260 _a Uenos Aires : Abeledo- Perrot
_b1992. Isbn : 950-20-0622-4. 212 P.
942 _cLB
_2cdu
945 _aCatalis
_d2010-08-19
999 _c2374
_d232878